Handbook of Zinc Oxide and Related Materials (Record no. 565398)
[ view plain ]
| 000 -LEADER | |
|---|---|
| fixed length control field | 00335nam a2200121Ia 4500 |
| 008 - FIXED-LENGTH DATA ELEMENTS--GENERAL INFORMATION | |
| fixed length control field | 210430s9999 xx 000 0 und d |
| 020 ## - INTERNATIONAL STANDARD BOOK NUMBER | |
| International Standard Book Number | 978-1-4378-5570-6 |
| 082 ## - DEWEY DECIMAL CLASSIFICATION NUMBER | |
| Classification number | 621.38152 F331H |
| 100 ## - MAIN ENTRY--PERSONAL NAME | |
| Personal name | Zhe Chuan Feng |
| 9 (RLIN) | 54660 |
| 245 ## - TITLE STATEMENT | |
| Title | Handbook of Zinc Oxide and Related Materials |
| Statement of responsibility, etc. | Zhe Chuan Feng |
| 300 ## - PHYSICAL DESCRIPTION | |
| Extent | 546 |
| 942 ## - ADDED ENTRY ELEMENTS (KOHA) | |
| Koha item type | Book |
| Source of classification or shelving scheme | |
| Withdrawn status | Lost status | Source of classification or shelving scheme | Damaged status | Not for loan | Permanent Location | Current Location | Shelving location | Date acquired | Full call number | Barcode | Date last seen | Price effective from | Koha item type |
|---|---|---|---|---|---|---|---|---|---|---|---|---|---|
| School of Chemical & Materials Engineering (SCME) | School of Chemical & Materials Engineering (SCME) | General Stacks | 621.38152 F331H | SCME-4610 | 04/30/2021 | 04/30/2021 | Book |
